Menéndez Pelayo desde la actualidad / (Registro nro. 169889)
[ vista simple ]
| 000 -LEADER | |
|---|---|
| campo de control de longitud fija | 00969nam a2200241 i 4500 |
| 001 - NÚMERO DE CONTROL | |
| campo de control | 169889 |
| 003 - IDENTIFICADOR DE NÚMERO DE CONTROL | |
| campo de control | ES-MaACL |
| 005 - FECHA Y HORA DE LA ÚLTIMA TRANSACCIÓN | |
| campo de control | 20250812062544.0 |
| 008 - DATOS DE LONGITUD FIJA--INFORMACIÓN GENERAL | |
| campo de control de longitud fija | 081216s1965 sp |||| |dspa d |
| 080 ## - NÚMERO DE LA CLASIFICACIÓN DECIMAL UNIVERSAL | |
| Número de la Clasificación Decimal Universal | 929 Menéndez Pelayo, Marcelino |
| 100 1# - ENTRADA PRINCIPAL--NOMBRE DE PERSONA | |
| Nombre de persona | Pérez-Embid, Florentino, |
| Fechas asociadas al nombre | 1918-1974 |
| 9 (RLIN) | 90840 |
| 245 10 - MENCIÓN DEL TÍTULO | |
| Título | Menéndez Pelayo desde la actualidad / |
| Mención de responsabilidad, etc. | Florentino Pérez-Embid. |
| 260 ## - PUBLICACIÓN, DISTRIBUCIÓN, ETC. | |
| Lugar de publicación, distribución, etc. | Madrid : |
| Nombre del editor, distribuidor, etc. | Rialp : |
| -- | Ateneo, |
| Fecha de publicación, distribución, etc. | 1965 ( |
| Fabricante | Gráf. Nebrija) |
| 300 ## - DESCRIPCIÓN FÍSICA | |
| Extensión | 34 p., [2] h. ; |
| Dimensiones | 19 cm. |
| 490 1# - MENCIÓN DE SERIE | |
| Mención de serie | Colección "O crece o muere" ; |
| Designación de volumen o secuencia | 183 |
| 594 ## - Nota al título y mención de responsabilidad | |
| Nota al título y mención de responsabilidad | Conferencia pronunciada en el Club Urbis, de Madrid, el día 23 de marzo de 1965, formando parte del ciclo "Escritores del 98 y su época" |
| 600 17 - PUNTO DE ACCESO ADICIONAL DE MATERIA--NOMBRE DE PERSONA | |
| Nombre de persona | Menéndez y Pelayo, Marcelino, |
| Fechas asociadas al nombre | 1856-1912 |
| Fuente del encabezamiento o término | embne |
| 9 (RLIN) | 80332 |
| 710 2# - ENTRADA AGREGADA--NOMBRE DE ENTIDAD CORPORATIVA | |
| Nombre de entidad corporativa o nombre de jurisdicción como elemento de entrada | Ateneo de Madrid. |
| 9 (RLIN) | 1875 |
| 710 2# - ENTRADA AGREGADA--NOMBRE DE ENTIDAD CORPORATIVA | |
| Nombre de entidad corporativa o nombre de jurisdicción como elemento de entrada | Club Urbis (Galería) |
| 9 (RLIN) | 172580 |
| 830 10 - PUNTO DE ACCESO ADICIONAL DE SERIE-TÍTULO UNIFORME | |
| Título uniforme | Colección "O crece o muere" |
| Designación de volumen o secuencia | 183 |
| 9 (RLIN) | 183476 |
| 852 ## - LOCALIZACIÓN | |
| Ubicación | ES-MaACL |
| Número de control de estantería | 2243-F-22 |
| Estatus retirado | Estado de pérdida | Estado de daño | No para préstamo | Colección | Biblioteca de origen | Biblioteca actual | Ubicación en estantería | Fecha de adquisición | Fuente de adquisición | Total de préstamos | Signatura topográfica completa | Código de barras | Visto por última vez | Precio de reemplazo | Tipo de ítem Koha |
|---|---|---|---|---|---|---|---|---|---|---|---|---|---|---|---|
| Colección de folletos | Biblioteca del Ateneo de Madrid | Biblioteca del Ateneo de Madrid | Depósito folletos | 16/12/2008 | 2243-F-22 | 1178366 | 23/02/2023 | 23/02/2023 | Folleto |
